Quizzes
Events
Quiz Creation
Community
Videos
Private Events
Remove Ads
Sign In
Join for FREE
Feedback
Dark Mode
Quiz Categories
Sports
Geography
Music
Movies
Television
Just For Fun
Miscellaneous
History
Literature
Language
Science
Gaming
Entertainment
Religion
Holiday
For Kids
Quiz Lab
Recent
Popular Today
Quiz Kudos Today
Editor Picks
Curator Picks
Quizzes by...
Day
Popularity
Type
Ratings
Length
Year
Community
Subscriptions
Recent Discussions
Orange Saloon
Badges
Playlists
Quests
Create
Leaderboards
Showdown
Live 5
Trivia Bingo
Activity
Puzzle Library
Sporcle Events
Private Events
Virtual Trivia
Globe League
Become a Host
Pub Owners
SporcleCon
Opinionation
Our Games
Videos
Blog
Mobile Apps
Partnerships
Remove Ads and Go Orange
Feedback
Sports
Athletes
MLB
NBA
NHL
NFL
Soccer
Sports Teams
WWE
NCAA
Football
Premier League
Basketball
Baseball
Hockey
Golf
Tennis
Cricket
Rugby
Auto Racing
Olympics
World Cup
Sports
Athletes
MLB
NBA
NHL
NFL
Soccer
Sports Teams
WWE
NCAA
Football
Premier League
Basketball
Baseball
Hockey
Golf
Tennis
Cricket
Rugby
Auto Racing
Olympics
World Cup
Random Quiz
Search Sporcle
×
Quiz Lab
Quiz Lab
Sports
Numbers
Type in answers that appear in a list
Type in answers that appear in a list
Classic
Best Score? Go Orange.
250 Home Run List Stats
Can you name the Players who have hit 250 home runs in the Major Leagues?
By
jakajaka
20m
199 Questions
3,136 Plays
3,136 Plays
3,136 Plays
Comments
Comments
Give Quiz Kudos
Give Quiz Kudos
-
- Ratings
hide this ad
More Info
Replay
Link that replays current quiz
Next Quiz
Link to next quiz in quiz playlist
You Got
0%
They Got
Avg Score
65%
Avg Friend Score
Upgrade to see
Score Distribution
Jump to the score distribution portion of the page
Score
0/199
Timer
20:00
0
Plays Today
Number of homers
Player
% Correct
762
Barry Bonds
99.3%
714
Babe Ruth
99.2%
755
Hank Aaron
99%
332
Bobby Bonds
98.9%
601*
Alex Rodriguez
98.1%
630
Ken Griffey, Jr.
97.9%
307*
Ivan Rodriguez
97.8%
660
Willie Mays
97.3%
609
Sammy Sosa
96.5%
554*
Manny Ramirez
95.9%
579*
Jim Thome
95.9%
583
Mark McGwire
95.9%
521
Ted Williams
95.8%
280*
Aramis Ramirez
95.7%
378
Matt Williams
95.7%
426
Billy Williams
95.6%
287
Bernie Williams
95.6%
251
Cy Williams
95.6%
536
Mickey Mantle
94.6%
563
Reggie Jackson
93.8%
521
Frank Thomas
93.5%
286
Frank Thomas
93.5%
268
Gorman Thomas
93.3%
586
Frank Robinson
93.1%
268
Brooks Robinson
92.9%
436*
Chipper Jones
92.1%
403*
Andruw Jones
92%
493
Lou Gehrig
90.9%
548
Mike Schmidt
90.4%
354
Lee May
90.1%
573
Harmon Killebrew
89.4%
431
Cal Ripken, Jr.
89.2%
394*
Albert Pujols
89.1%
569
Rafael Palmeiro
88.9%
382
Frank Howard
88.9%
449
Jeff Bagwell
88.1%
434
Juan Gonzalez
87.9%
509
Gary Sheffield
87.9%
354
Luis Gonzalez
87.9%
389
Johnny Bench
86.3%
521
Willie McCovey
86.3%
462
Jose Canseco
85.7%
534
Jimmie Foxx
85.7%
361
Joe DiMaggio
85.4%
309
Edgar Martinez
85.4%
339
Tino Martinez
85.4%
512
Ernie Banks
84.9%
341*
David Ortiz
84.7%
504
Eddie Murray
84.4%
396
Joe Carter
84.2%
324
Gary Carter
84.1%
511
Mel Ott
83.8%
428*
Vladimir Guerrero
83.8%
358
Yogi Berra
83.7%
475
Stan Musial
83.6%
427
Mike Piazza
83.2%
493
Fred McGriff
82.7%
328
Shawn Green
82.6%
288
Bob Johnson
82.5%
475
Willie Stargell
82.5%
452
Carl Yastrzemski
82.3%
473*
Carlos Delgado
82.3%
383
Larry Walker
82%
319
Cecil Fielder
81.7%
328*
Todd Helton
81%
287*
Garret Anderson
80.5%
317
George Brett
80.5%
Number of homers
Player
% Correct
265
George Bell
80.4%
381
Albert Belle
79.6%
275
Roger Maris
79.3%
382
Jim Rice
78.5%
438
Andre Dawson
77.8%
291
Craig Biggio
77.8%
412*
Jason Giambi
77.3%
314
Reggie Smith
77.3%
335
Darryl Strawberry
76.9%
512
Eddie Mathews
76.9%
465
Dave Winfield
75.8%
350
Chili Davis
75.7%
321*
Carlos Lee
75.7%
305*
Derrek Lee
75.7%
282
Eric Davis
75.7%
251
Robin Yount
75.6%
399
Al Kaline
75.4%
376
Carlton Fisk
75.3%
297
Rickey Henderson
74.9%
326*
Lance Berkman
74.7%
399
Andres Galarraga
74.3%
282
Ryne Sandberg
73.2%
346*
Adam Dunn
72.5%
331
Hank Greenberg
72.1%
354*
Paul Konerko
71.8%
398
Dale Murphy
71.7%
377
Jeff Kent
71.6%
328
Mo Vaughn
71.5%
355
Greg Vaughn
71.5%
274
Dante Bichette
71.3%
268
Joe Morgan
71.3%
407
Duke Snider
71%
414
Darrell Evans
70.8%
385
Dwight Evans
70.8%
340
Jack Clark
70.7%
284
Will Clark
70.7%
251
Tony Clark
70.5%
310
Jay Buhner
70.2%
442
Dave Kingman
70.1%
369
Ralph Kiner
68.9%
390*
Jim Edmonds
68.5%
379
Tony Perez
68.2%
274*
Carlos Beltran
68.1%
293*
Miguel Tejada
64.2%
339
Dave Parker
63.7%
281
Paul O'Neill
63.6%
299
Tim Salmon
63.6%
309*
Alfonso Soriano
62.9%
348
George Foster
62.9%
305
David Justice
62.5%
320
Vinny Castilla
62.3%
325
Jermaine Dye
62%
301
Rogers Hornsby
61.1%
319*
Troy Glaus
61.1%
287
Bobby Bonilla
60.8%
293
Kent Hrbek
60.7%
390
Graig Nettles
59.6%
342
Ron Santo
59.6%
289*
Magglio Ordonez
59.1%
301*
Scott Rolen
58.7%
379
Orlando Cepeda
58.6%
255
Kirk Gibson
57.8%
384
Harold Baines
56.9%
272
Steve Garvey
56.6%
359
Johnny Mize
55.2%
360
Gary Gaetti
55.1%
270*
Adrian Beltre
54.8%
Number of homers
Player
% Correct
352
Ellis Burks
54.7%
332
Moises Alou
54.6%
339
Boog Powell
54%
306
Richie Sexson
54%
306
Fred Lynn
53.8%
252
Bret Boone
53.8%
370
Gil Hodges
52.6%
351
Dick Allen
52.6%
307
Al Simmons
50.4%
316
Ron Cey
50.3%
338
Don Baylor
49.3%
377
Norm Cash
49.2%
269*
Bobby Abreu
49.2%
374
Rocky Colavito
48.9%
321
Ron Gant
48.5%
307
Greg Luzinski
47.8%
260
Javy Lopez
47.2%
324
Lance Parrish
45.7%
256
Larry Parrish
45.6%
305
Reggie Sanders
44.6%
294
Robin Ventura
44.3%
306
Ruben Sierra
44.1%
300
Chuck Klein
44%
279
Ted Kluszewski
43.9%
287
Brian Giles
43.2%
255
John Olerud
43.1%
304
Steve Finley
42.6%
252
Joe Torre
42.4%
274*
Pat Burrell
41.8%
284
Eric Karros
41.2%
251
Tony Armas
40%
278
Ryan Klesko
39.5%
275
Dean Palmer
39%
292
Rusty Staub
38.1%
291
Jimmy Wynn
37.9%
260
Tim Wallach
36.5%
325
Willie Horton
36.1%
269*
Mike Cameron
34.8%
255*
Jorge Posada
34.4%
253
Todd Zeile
34.3%
268*
Mark Teixeira
34.1%
282
Ken Boyer
33.8%
271
Raul Mondesi
33.8%
271
Tom Brunansky
33.5%
271
George Scott
33.3%
275
Brian Downing
33.3%
336
Joe Adcock
33.2%
315
Jeromy Burnitz
31.7%
262
Danny Tartabull
31%
253
Larry Doby
29.9%
253
Joe Gordon
29.8%
261*
Matt Stairs
29.8%
253*
Torii Hunter
29.6%
252
Bobby Murcer
29%
288
Hank Sauer
28.1%
264
Bobby Thomson
27.3%
256
Vada Pinson
27.1%
256
Bob Allison
26.6%
255
John Mayberry
26.2%
318
Roy Sievers
24.1%
253
Andre Thornton
22.7%
277
Rudy York
22%
267
George Hendrick
21.6%
288
Del Ennis
21.4%
266
Vic Wertz
17.1%
Quiz Playlist
Details
Report
Send in Message
Add To Playlist
More Info:
Updated 8/11/10
Classic:
Type in answers that appear in a list
Quiz Source
Last Updated: May 19, 2017
Quiz Scoreboard
CHALLENGE
Sign Up to Join the Scoreboard
Show All
Scores
Hide
Comments
May contain spoilers
Recently Published
Movies - When Are They Set?
by FPL_Elf
Movies
5m
Popular People in 1961
by mucciniale
History
6m
1-10 Letter E Words III
by El_Dandy
Language
2m
More to Explore
Quiz From the Vault
Featured Blog Post
Where Did the Easter Bunny Come From?
hide this ad
You Might Also Like...
Tags
Numbers Quiz
250
hit
home
Homer
League
major
Major League
Player
run
Today's Top Quizzes in Sports
Browse Sports
hide this ad
Today's Top Quizzes in Numbers
Browse Numbers
Top Contributed Quizzes in Sports
1
Les meilleurs buteurs des matchs entre le PSG et l’OM
2
FIFA Club World Cup Champions
3
Les entraîneurs de l'OM et du PSG au 21e siècle
4
2022 World Cup Stars
5
Name the Premier League winners with different clubs
6
La finale Lions - Afrique du Sud 2021
7
Criteria MLB: Left Handed Sluggers
8
Les joueurs passés par le LOSC et le RC Lens
9
Players with Multiple 50 Home Run Seasons
10
MLB Players with Two .350 Batting Average Seasons
Explore More
Trending Topics
Kpop
Crossword
Harry Potter
Disney
Marvel
Anime
NBA
The Office
Soccer
Country
NFL
WWE
Pokémon
Puzzle
Song
hide this ad
More By:
jakajaka
Quiz
Plays
Rating
Category
Featured
Created
MLB Missing Team by Player
134,940
3.46
Sports
Nov 8, 2009
Before and After: Sports & Entertainment
43,704
3.59
Sports
Jan 5, 2011
Closing Lines III
40,722
4.18
Movies
Jan 27, 2011
20+ Points, 20+ Rebounds NBA Games
6,895
4.42
Sports
Feb 22, 2010
300 Home Runs in a Decade
6,651
4.44
Sports
Sep 2, 2010
Go to Creator's Profile
Score Distribution
Quiz Creator Spotlight
jakajaka
Follow
Send a Message
Quizzes Created
-
Created Quiz Play Count
-
More By This Creator
Popular Quizzes Today
1
Find the Countries of Europe - No Outlines Minefield
2
Find the US States - No Outlines Minefield
3
The Countries of the World
4
Popular People in 1961
5
US States
6
1-10 Letter E Words III
7
Find the US States
8
One Thing in Common: World Cities II
More Sports Quizzes
Letter 'H' Hall of Famers
Quiz Lab
Trending Quizzes
Risky Map Clicking: Least Populous States A-Z
1-10 Letter F Words
Humor Books: The Subtitles
1-10 Letter G Words
One Thing in Common: United Kingdom
Recently Updated
Leaping Animals
pecheneg
Reality TV Shows (A-Z)
bhenderson79
Rickey Henderson's Hall of Fame Teammates
pecheneg
Champions League XIs: Arsenal
pecheneg
Quick Pick: Celebrities in WWE's Hall of Fame
aduchscher
A-Z Keypad Blitz II
pecheneg
Multiple Oscar Actors
pecheneg
Mystery Phrase Blitz: Oscar 'Best Actors'
pecheneg
F. Scott Fitzgerald Novels
LTH
Pick 3 Villains
ddd62291
Trending Topics
Kpop
Harry Potter
Anime
Disney
NBA
Crossword
Marvel
Country
Pokémon
WWE
NFL
Soccer
Puzzle
The Office
Song
Your Account Isn't Verified!
In order to create a playlist on Sporcle, you need to verify the email address you used during registration. Go to your
Sporcle Settings
to finish the process.
Report this User
Report this user for behavior that violates our
Community Guidelines
.
Details:
Send Report
Go to the Sporcle.com Mobile Site →
Comments